| 000 | 00426nam a2200157Ia 4500 | ||
|---|---|---|---|
| 008 | 210716s2014 xx 000 0 und d | ||
| 020 | _a9789325978423 | ||
| 041 | _aeng | ||
| 082 | _a158.39 CAMK | ||
| 100 | _aCampbell, Kim;Wahl, Kay Herting. | ||
| 245 | _aIf you cant manage them you cant teach them. | ||
| 250 | _a1 | ||
| 260 |
_aNew Delhi _bVikas Publishing House _c2014 |
||
| 300 | _a280 | ||
| 650 | _aGeneral Knowledge | ||
| 999 |
_c194073 _d194073 |
||